| 000 | 00499nam a22001697a 4500 | ||
|---|---|---|---|
| 005 | 20251108165309.0 | ||
| 008 | 250721s1990 xx 000 0 ara d | ||
| 082 | 1 | 4 | _a959.704/فيا |
| 100 | 1 | _aفياض، علي | |
| 245 | 1 | 0 | _aالتجربة العسكرية الفيتنامية / |
| 264 | 1 |
_aنيقوسيا : _bمؤسسة عيبال للدراسات و النشر، _c1990. |
|
| 300 | _a364ص. | ||
| 650 | 1 | 7 | _aفيتنام |
| 650 | 1 | 7 | _aالتاريخ |
| 942 |
_2ddc _cBK |
||
| 999 |
_c24434 _d24434 |
||